[Event "Trzcianka Dziedzic Memorial 6th"]
[Site "Trzcianka"]
[Date "2016.09.18"]
[Round "1"]
[White "Kolosowski, Mateusz"]
[Black "Majdecki, Robert"]
[Result "1-0"]
[WhiteElo "2426"]
[BlackElo "1589"]
[PlyCount "69"]
[EventDate "2016.09.18"]
[EventType "swiss (rapid)"]
[EventRounds "9"]
[EventCountry "POL"]
[SourceTitle "CBM 174 Extra"]
[Source "ChessBase"]
[SourceDate "2016.10.10"]
[SourceVersion "1"]
[SourceVersionDate "2016.10.10"]
[SourceQuality "1"]

1. d4 d5 2. c4 e6 3. Nf3 Nc6 4. g3 b6 5. Bg2 Bb7 6. cxd5 exd5 7. 0-0 Nf6 8. Nc3 Be7 9. Bf4 a6 10. Rc1 0-0 11. Ne5 Nh5 12. Nxd5 Nxf4 13. Nxf4 Na5 14. Bxb7 Nxb7 15. Qb3 Na5 16. Qd3 Bf6 17. b4 Bxe5 18. dxe5 Qxd3 19. exd3 Nb7 20. Rxc7 Nd8 21. Rfc1 Ne6 22. Nxe6 fxe6 23. Re7 Rfe8 24. Rcc7 Rxe7 25. Rxe7 Rd8 26. Rxe6 Rxd3 27. Rxb6 Ra3 28. e6 Kf8 29. Rb8+ Ke7 30. Rb7+ Kxe6 31. Rxg7 Rxa2 32. Rxh7 Kd5 33. Rc7 Rb2 34. Rc5+ Kd4 35. Ra5 1-0

[Event "Trzcianka Dziedzic Memorial 5th"]
[Site "Trzcianka"]
[Date "2015.04.19"]
[Round "1"]
[White "Majdecki, Robert"]
[Black "Kempinski, Robert"]
[Result "0-1"]
[WhiteElo "1625"]
[BlackElo "2629"]
[PlyCount "58"]
[EventDate "2015.04.19"]
[EventType "swiss (rapid)"]
[EventRounds "9"]
[EventCountry "POL"]
[SourceTitle "CBM 166 Extra"]
[Source "ChessBase"]
[SourceDate "2015.06.18"]
[SourceVersion "1"]
[SourceVersionDate "2015.06.18"]
[SourceQuality "1"]

1. e4 c5 2. Nf3 d6 3. Nc3 Nf6 4. d3 Nc6 5. Be2 e6 6. 0-0 Be7 7. b3 a6 8. Bb2 b5 9. a3 0-0 10. Na2 d5 11. e5 Nd7 12. d4 cxd4 13. Nxd4 Ncxe5 14. Kh1 Bf6 15. Rb1 Bb7 16. Nc1 Rc8 17. Nd3 Qc7 18. b4 Nc4 19. c3 Nxb2 20. Rxb2 Qxc3 21. Nf3 e5 22. Qc1 e4 23. Nc5 Nxc5 24. bxc5 Qxc1 25. Rxc1 Bxb2 26. Rc2 exf3 27. Bxf3 Bxa3 28. h3 Rxc5 29. Rxc5 Bxc5 0-1

[Event "POL-chT IV GrB"]
[Site "Konin"]
[Date "2011.03.13"]
[Round "7"]
[White "Majdecki, Robert"]
[Black "Mierzejewski, Mariusz"]
[Result "0-1"]
[WhiteElo "1656"]
[BlackElo "1914"]
[PlyCount "82"]
[EventDate "2011.01.23"]
[EventType "team-tourn"]
[EventRounds "9"]
[EventCountry "POL"]
[SourceTitle "EXT 2019"]
[Source "ChessBase"]
[SourceDate "2018.10.10"]
[SourceVersion "1"]
[SourceVersionDate "2018.10.10"]
[SourceQuality "1"]
[WhiteTeam "Slesin M-GOK Gambit"]
[BlackTeam "Witkowo Jurand"]
[WhiteTeamCountry "POL"]
[BlackTeamCountry "POL"]

1. d4 Nf6 2. c4 e6 3. Nf3 b6 4. Nc3 Bb7 5. d5 Bb4 6. Bg5 h6 7. Bxf6 Qxf6 8. Rc1 0-0 9. a3 Bxc3+ 10. Rxc3 d6 11. e4 Nd7 12. Bd3 Nc5 13. 0-0 Bc8 14. Bb1 e5 15. b4 Nb7 16. h3 a5 17. b5 Nc5 18. Nh2 Qh4 19. Nf3 Qe7 20. Nd2 f5 21. f3 Qg5 22. exf5 Bxf5 23. Bxf5 Rxf5 24. Ne4 Qf4 25. Nxc5 bxc5 26. Qe1 Raf8 27. Qe3 Qd4 28. Re1 Rf4 29. Kh2 R8f6 30. Re2 a4 31. Re1 Qxe3 32. Rexe3 Rd4 33. g3 Rd2+ 34. Kg1 h5 35. Re4 Rb2 36. Ree3 Rg6 37. g4 hxg4 38. fxg4 Rf6 39. Rf3 Rxf3 40. Rxf3 Rb3 41. Rf1 Rxh3 0-1

[Event "POL-chT IV GrB"]
[Site "Konin"]
[Date "2011.03.13"]
[Round "6"]
[White "Szadkowski, Krzysztof"]
[Black "Majdecki, Robert"]
[Result "1-0"]
[WhiteElo "2128"]
[BlackElo "1656"]
[PlyCount "62"]
[EventDate "2011.01.23"]
[EventType "team-tourn"]
[EventRounds "9"]
[EventCountry "POL"]
[SourceTitle "EXT 2019"]
[Source "ChessBase"]
[SourceDate "2018.10.10"]
[SourceVersion "1"]
[SourceVersionDate "2018.10.10"]
[SourceQuality "1"]
[WhiteTeam "Konin UKS Smecz"]
[BlackTeam "Slesin M-GOK Gambit"]
[WhiteTeamCountry "POL"]
[BlackTeamCountry "POL"]

1. e4 e5 2. Nf3 Nc6 3. Bb5 d6 4. 0-0 Bd7 5. c3 a6 6. Ba4 b5 7. Bb3 Nf6 8. Ng5 d5 9. exd5 Na5 10. d6 Bxd6 11. Nxf7 Qe7 12. Nxh8 0-0-0 13. Nf7 Rf8 14. Nxd6+ cxd6 15. d4 e4 16. Bf4 d5 17. Bg5 h6 18. Bxf6 gxf6 19. Bxd5 f5 20. b4 Nc4 21. Bxc4 bxc4 22. Nd2 Be6 23. Qe2 Qc7 24. b5 axb5 25. Rfb1 Qc6 26. a4 bxa4 27. Rb4 Kd7 28. Nxc4 Bxc4 29. Rxc4 Qd5 30. Rcxa4 Rb8 31. Rb4 Rxb4 1-0

[Event "POL-chT4B 0910"]
[Site "Wielkoposka"]
[Date "2010.02.07"]
[Round "3"]
[White "Szadkowski, Kamil"]
[Black "Majdecki, Robert"]
[Result "1/2-1/2"]
[WhiteElo "2159"]
[BlackElo "1800"]
[PlyCount "37"]
[EventDate "2010.01.10"]
[EventType "team-tourn"]
[EventRounds "9"]
[EventCountry "POL"]
[SourceTitle "EXT 2019"]
[Source "ChessBase"]
[SourceDate "2018.10.10"]
[SourceVersion "1"]
[SourceVersionDate "2018.10.10"]
[SourceQuality "1"]
[WhiteTeam "Konin UKS Smecz"]
[BlackTeam "Slesin M-GOK Gambit"]
[WhiteTeamCountry "POL"]
[BlackTeamCountry "POL"]

1. e4 e5 2. f4 d6 3. Nf3 Nc6 4. Bc4 Be6 5. Bxe6 fxe6 6. d4 exd4 7. Nxd4 Nxd4 8. Qxd4 Qf6 9. Qe3 Ne7 10. 0-0 g6 11. e5 Qf5 12. Qe2 0-0-0 13. Nc3 d5 14. a4 Nc6 15. g4 Qf7 16. a5 a6 17. Bd2 h5 18. g5 Qf5 19. Qd3 1/2-1/2